000 00887cam a22002652 4500
001 12793
003 BD-RjUL
005 20211208235345.0
008 140129s1950 nyua b 000 0 eng
035 _aOCLC ocm01878094 from D970730M
_a(BD-RjUL)12843
040 _aDLC
_cFQG
_dOCL
_dEQO
_dBD-RjUL
_beng
041 _aeng
082 0 0 _a621.315
_bCAP 1950
245 1 0 _aCapacitors for industry :
_btheir selection, application, and economics for power-factor improvement of industrial plants /
_cby W.C. Bloomquist ... [et. al.].
260 _aNew York :
_bWiley,
_cc1950.
300 _avii, 246 p. :
_billus. ;
_c24 cm.
490 1 _aGeneral Electric series
504 _aBibliography: p. 229-235.
650 0 _aCapacitors.
_939873
700 1 _aBloomquist, W. C.
_939874
830 0 _aGeneral Electric series
_939222
942 _2ddc
_cBK
999 _c12793
_d12793